| 000 | 00514 a2200241 4500 | ||
|---|---|---|---|
| 260 | _aParis | ||
| 630 | _a657 - Comptabilité | ||
| 037 | _b1, Achat | ||
| 650 | _a6 - SCIENCES APPLIQUEES | ||
| 100 | _aLassègue, Pierre | ||
| 260 | _bDalloz | ||
| 245 | _aLexique de comptabilité | ||
| 300 | _a404 p. | ||
| 650 | _aComptabilité : lexique | ||
| 260 | _c1993 | ||
| 300 | _b18cm | ||
| 100 | _lFr | ||
| 037 | _aDE 7448 | ||
| 250 | _a3e éd. | ||
| 020 | _a2-247-01532-8 | ||
| 999 |
_c42101 _d42101 |
||